00471nam a2200181 a 4500001001300000003000900013005001700022008004100039020001000080082001600090100002200106245002300128260005000151300000900201500003500210650002200245700002200267nice12345678IN_TiNIC20260116012751.0080523s1959 lina grp 000 0 eng  ac20000a220.13bMAX aMaxwell, Arthur S aYour Bible and You aLincolnshirebStanborough Press Limitedc1959 a352p aincludes index and biblioraphy aBible-Inspiration1 aMaxwell, Arthur S